MARC details
| 000 -CABECERA |
| campo de control de longitud fija |
04693cam a2200481 i 4500 |
| 003 - IDENTIFICADOR DEL NÚMERO DE CONTROL |
| campo de control |
DO-SdBNP |
| 005 - FECHA Y HORA DE LA ÚLTIMA TRANSACCIÓN |
| campo de control |
20250707112615.0 |
| 007 - CAMPO FIJO DE DESCRIPCIÓN FÍSICA--INFORMACIÓN GENERAL |
| campo de control de longitud fija |
ta |
| 008 - DATOS DE LONGITUD FIJA--INFORMACIÓN GENERAL |
| campo de control de longitud fija |
751003s2000 sp 001 0 spa d |
| 020 ## - NÚMERO INTERNACIONAL ESTÁNDAR DEL LIBRO |
| Número Internacional Estándar del Libro |
9788446012221 (obra completa) |
| 020 ## - NÚMERO INTERNACIONAL ESTÁNDAR DEL LIBRO |
| Número Internacional Estándar del Libro |
9788446012146 (libro 1, tomo 1) |
| 020 ## - NÚMERO INTERNACIONAL ESTÁNDAR DEL LIBRO |
| Número Internacional Estándar del Libro |
9788446012153 (libro 1, tomo 2) |
| 020 ## - NÚMERO INTERNACIONAL ESTÁNDAR DEL LIBRO |
| Número Internacional Estándar del Libro |
9788446012160 (libro 1, tomo 3) |
| 020 ## - NÚMERO INTERNACIONAL ESTÁNDAR DEL LIBRO |
| Número Internacional Estándar del Libro |
9788446012177 (libro 2, tomo 1) |
| 020 ## - NÚMERO INTERNACIONAL ESTÁNDAR DEL LIBRO |
| Número Internacional Estándar del Libro |
9788446012184 (libro 2, tomo 2) |
| 020 ## - NÚMERO INTERNACIONAL ESTÁNDAR DEL LIBRO |
| Número Internacional Estándar del Libro |
9788446012191 (libro 3, tomo 1) |
| 020 ## - NÚMERO INTERNACIONAL ESTÁNDAR DEL LIBRO |
| Número Internacional Estándar del Libro |
9788446012207 (libro 3, tomo 2) |
| 020 ## - NÚMERO INTERNACIONAL ESTÁNDAR DEL LIBRO |
| Número Internacional Estándar del Libro |
9788446012214 (libro 3, tomo 3) |
| 040 ## - FUENTE DE LA CATALOGACIÓN |
| Centro catalogador/agencia de origen |
DO-SdBNP |
| Lengua de catalogación |
spa |
| Centro/agencia transcriptor |
BNPHU |
| Normas de descripción |
rda |
| 082 ## - NÚMERO DE LA CLASIFICACIÓN DECIMAL DEWEY |
| Número de clasificación |
331.1 |
| Número de documento/Ítem |
M392e |
| Número de edición |
22 |
| 100 1# - ENTRADA PRINCIPAL--NOMBRE DE PERSONA |
| Nombre de persona |
Marx, Karl, |
| Fechas asociadas al nombre |
1818-1883 |
| 9 (RLIN) |
30439 |
| 245 13 - MENCIÓN DE TÍTULO |
| Título |
El capital : |
| Resto del título |
Crítica de la economía política/ |
| Mención de responsabilidad, etc. |
Karl Marx, ; traducción Vicente Romano García |
| 250 ## - MENCIÓN DE EDICIÓN |
| Mención de edición |
2a. edición |
| 264 #1 - PRODUCCIÓN, PUBLICACIÓN, DISTRIBUCIÓN, FABRICACIÓN Y COPYRIGHT |
| Producción, publicación, distribución, fabricación y copyright |
Madrid, España : |
| Nombre del de productor, editor, distribuidor, fabricante |
Akal ediciones, |
| Fecha de producción, publicación, distribución, fabricación o copyright |
2000. |
| 264 #3 - PRODUCCIÓN, PUBLICACIÓN, DISTRIBUCIÓN, FABRICACIÓN Y COPYRIGHT |
| Fecha de producción, publicación, distribución, fabricación o copyright |
2018. 5ta. reimpresión. |
| 300 ## - DESCRIPCIÓN FÍSICA |
| Extensión |
8 volumenes |
| Dimensiones |
18 cm. |
| 336 ## - TIPO DE CONTENIDO |
| Fuente |
rdacontent |
| Término de tipo de contenido |
texto |
| Código de tipo de contenido |
txt |
| 337 ## - TIPO DE MEDIO |
| Fuente |
rdamedia |
| Nombre/término del tipo de medio |
sin mediación |
| Código del tipo de medio |
n |
| 338 ## - TIPO DE SOPORTE |
| Fuente |
rdacarrier |
| Nombre/término del tipo de soporte |
volumen |
| Código del tipo de soporte |
nc |
| 490 1# - MENCIÓN DE SERIE |
| Mención de serie |
Básica de bolsillo |
| Designación de volumen o secuencia |
48 libro 1, tomo 1 |
| -- |
49 libro 1, tomo 2 |
| -- |
50 libro 1, tomo 3 |
| -- |
51 libro 2, tomo 1 |
| -- |
52 libro 2, tomo 2 |
| -- |
53 libro 3, tomo 1 |
| -- |
54 libro 3, tomo 2 |
| -- |
55 libro 3, tomo 3 |
| 500 ## - NOTA GENERAL |
| Nota general |
La biblioteca posee la 5ta. reimpresión del 2018. |
| 504 ## - NOTA DE BIBLIOGRAFÍA, ETC. |
| Nota de bibliografía, etc. |
Incluye notas y bibliografías a pie de páginas |
| 505 2# - NOTA DE CONTENIDO CON FORMATO |
| Nota de contenido con formato |
Libro 1, tomo del 1 al 3 -- |
| Título |
Nota preliminar del traductor, 7. -- |
| -- |
Prólogo a la primera edición alemana, 15. -- |
| -- |
Epílogo a la segunda edición alemana, 21 -- |
| -- |
Prólogo y epílogo a la edición francesa, 33. -- |
| -- |
Prólogo a la tercera edición francesa, 35. -- |
| -- |
Prólogo a la edición inglesa, 39. -- |
| -- |
Prólogo a la cuarta edición alemana, 45. -- |
| Información miscelánea |
LIBRO PRIMERO: El proceso de producción del capital -- |
| -- |
Sección primera -- |
| Título |
Mercancía y dinero -- |
| Información miscelánea |
Sección segunda -- |
| Título |
La transformación del dinero en capital -- |
| Información miscelánea |
Sección tercera -- |
| Título |
La producción de la plusvalía absoluta -- |
| Información miscelánea |
Sección cuarta -- |
| Título |
La producción de la plusvalía relativa -- |
| Información miscelánea |
Sección quinta -- |
| Título |
La producción de la plusvalía absoluta y relativa -- |
| Información miscelánea |
Sección sexta -- |
| Título |
El salario -- |
| Información miscelánea |
Sección séptima -- |
| Título |
El proceso de acumulación del capital / |
| 505 2# - NOTA DE CONTENIDO CON FORMATO |
| Nota de contenido con formato |
Libro 2, tomo del 1 y 2 |
| Título |
Prólogo -- |
| -- |
Prólogo a la segunda edición -- |
| Información miscelánea |
Libro segundo: El proceso de circulación del capital -- |
| -- |
Sección primera -- |
| Título |
La metamorfosis del capital y su ciclo -- |
| Información miscelánea |
Sección segunda -- |
| Título |
La rotación del capital -- |
| Información miscelánea |
Sección tercera -- |
| Título |
Reproducción y circulación del capital social global -- |
| 505 2# - NOTA DE CONTENIDO CON FORMATO |
| Nota de contenido con formato |
Libro 3, tomo del 1 al 3 -- |
| Título |
Prólogo -- |
| Información miscelánea |
Libro tercero: El proceso global de la producción capitalista -- |
| -- |
Sección primera -- |
| Título |
La transformación de la plusvalía en ganancia y de la cuota de plusvalía en cuota de ganancia -- |
| Información miscelánea |
Sección segunda -- |
| Título |
La transformación de la ganancia en ganancia media -- |
| Información miscelánea |
Sección tercera -- |
| Título |
Ley de la tendencia decreciente de la cuota de ganancia -- |
| Información miscelánea |
Sección cuarta -- |
| Título |
Transformación del capital mercantil y del capital monetario en capital para el comercio de mercancías y capital para el comercio de dinero (capital comercial) -- |
| Información miscelánea |
Sección quinta -- |
| Título |
División de la ganancia en interés y ganancia de empresario -- |
| Información miscelánea |
Sección sexta -- |
| Título |
División de la ganancia en interés y ganancia de empresario -- |
| Información miscelánea |
Sección séptima -- |
| Título |
Las rentas y sus fuentes / |
| 520 ## - SUMARIO, ETC. |
| Sumario, etc. |
Esta versión castellana en ocho volúmenes de la obra cumbre de Marx está traducida directamente del original alemán. Se ha tomado como base la edición Dietz de Berlín, cuidadosamente preparada y cotejada con las anteriores por los grupos de trabajo de los institutos de Marxismo- de Berlín y Moscú. También se han tenido en cuenta la traducción francesa de J. Roy, revisada por el mismo Marx, y las versiones italianas de Editori Riuniti y Castellana de W. Roces, F.C.E. (México), entre otras. Los índices y apéndices que acompañan esta versión de El Capital contribuyen de un modo notable a la rápida orientación y mejor comprensión del libro. A pesar de su fama de difícil, la obra resulta asequible a todo tipo de lectores, que descubrirán a través de sus esclarecedoras páginas la vigencia de uno de los clásicos indiscutibles del pensamiento político y económico moderno, que mantiene intacta su virtualidad y la profundidad de su análisis como en la época de su redacción. |
| 590 ## - NOTA LOCAL (RLIN) |
| Nota local |
Inventariado, 2023/ YL |
| 650 #0 - PUNTO DE ACCESO ADICIONAL DE MATERIA--TÉRMINO DE MATERIA |
| Término de materia o nombre geográfico como elemento de entrada |
Capital |
| 9 (RLIN) |
3797 |
| 650 #0 - PUNTO DE ACCESO ADICIONAL DE MATERIA--TÉRMINO DE MATERIA |
| Término de materia o nombre geográfico como elemento de entrada |
Economia |
| 9 (RLIN) |
85383 |
| 700 1# - PUNTO DE ACCESO ADICIONAL--NOMBRE DE PERSONA |
| Nombre de persona |
Romano García, Vicente |
| Término indicativo de función/relación |
traducción |
| 9 (RLIN) |
42669 |
| 910 ## - DATOS DE OPCIÓN DEL USUARIO (OCLC) |
| Datos de opción del usuario |
Ylockward |
| 942 ## - ELEMENTOS DE PUNTO DE ACCESO ADICIONAL (KOHA) |
| Fuente del sistema de clasificación o colocación |
Dewey Decimal Classification |
| Tipo de ítem Koha |
Libro |